Minecraft Aura Teilnehmer - Sudden Death - Statistiken

Allgemein
  • Dieses Quiz wurde 88 mal gespielt
    86 seit der letzten Aktualisierung
  • Das Durchschnittsergebnis liegt bei 5 aus 13
Answers on the Grid
Answers color-coded by a green-red scale on the quiz's grid according to % correct below.
Dner
DelayLP
SparkOfPhoenix
Ardymon
DoctorBenx
GermanLetsPlay
GommeHD
Herr Bergmann
DebitorLP
izzi
LetsTaddl
Sarazar
Paluten
PXLWLF
Maudado
MrMoregame
Sturmwaffel
MCExpertDE
CastCrafter
Zombey
Rotpilz
ungespielt
VeniCraft
ConCrafter
 
Antwortstatistiken
Antwort % Korrekt
Dner
80%
GermanLetsPlay
58%
GommeHD
50%
DelayLP
40%
LetsTaddl
36%
Maudado
36%
ungespielt
34%
Zombey
34%
Ardymon
30%
PXLWLF
28%
Herr Bergmann
24%
MrMoregame
22%
izzi
20%
Keine übereinstimmenden Quizze gefunden
Verteilung der Resultate
Anzahl Personen mit jedem Resultat
Perzentil nach korrekt beantworteten Fragen
Ihre Resultats-Entwicklung
Sie haben dieses Quiz seit der letzten Aktualisierung nicht gespielt